Čekání na soutěž.

Hlavným motorom ekonomického rastu je nielen vytvorenie trhu, ale trhu, na ktorom prebieha dostatočne intenzívna súťaž. Zhrnutie všeobecných podmienok na úrovni politickej a právnej a v oblasti hospodárskej politiky. Zásady, ktoré musia byť uplatňované v mikrosfére. Fungovanie jednotlivých trhov ako...

Descrizione completa

Salvato in:
Dettagli Bibliografici
Autore principale: Klusoň, Václav
Natura: Capitolo di libro
Lingua:ceco
Soggetti:
Tags: Aggiungi Tag
Nessun Tag, puoi essere il primo ad aggiungerne!!

MARC

LEADER 00000naa a2200000 4500
001 r012352
005 20220826093337.8
041 0 |a cze 
044 |a CZ 
245 1 0 |a Čekání na soutěž.  |c Václav Klusoň 
520 |a Hlavným motorom ekonomického rastu je nielen vytvorenie trhu, ale trhu, na ktorom prebieha dostatočne intenzívna súťaž. Zhrnutie všeobecných podmienok na úrovni politickej a právnej a v oblasti hospodárskej politiky. Zásady, ktoré musia byť uplatňované v mikrosfére. Fungovanie jednotlivých trhov ako vnútorne štrukturovanej a previazanej sústavy je dôležitou podmienkou pre vznik a rozvíjanie trhovej súťaže. Štruktúra trhov. Bariéry vstupu a výstupu z odvetvia. 
610 2 0 |a trh 
610 2 0 |a transformácia 
610 2 0 |a vlastníctvo 
610 2 0 |a trh práce 
610 2 0 |a trh kapitálový 
610 2 0 |a súťaž hospodárska 
610 2 0 |a konkurzy 
100 1 |a Klusoň, Václav